000 00857nam a2200265 i 4500
001 bg
100 1 _aWehler, Hans-Ulrich
_d(1931- ).
245 1 0 _aDas Deutsche Kaiserreich 1871-1918 /
_cHans-Ulrich Wehler.
260 _aGötingen :
_bVandenhoeck & Ruprecht,
_c1994.
300 _a292 s. ;
_c19 cm.
490 1 _aDeutsche Geschichte ;
_aKleine Vandenhoeck-Reihe ;
_nBd. 9
_v1380
490 1 _aKleine Vandenhoeck-Reihe ;
_v1380
504 _aBibliogr. Indeks.
651 9 _aNiemcy
_xhistoria
_y19-20 w.
830 0 _aDeutsche Geschichte (Götingen) ;
_nBd. 9
830 _aKleine Vandenhoeck-Reihe ;
020 _a3525335423
040 _cBPK
041 0 _ager
044 _aDEU
080 _a94(430)"18/19"
942 _cKS
008 s pl f |000 0 pol
999 _c54566
_d54566
856 _uhttp://koha.tu.koszalin.pl/cgi-bin/koha/opac-detail.pl?biblionumber=54566
_yKatalog online BPK